"LYFESTYLE - Yeat" Quiz - Statistics

General Stats
  • This quiz has been taken 144 times
  • The average score is 21 of 32
Answer Stats
SECTION Answer Track Number % Correct
LYFESTYLE GEEK TIMË 1
96%
LYFESTYLE LYFESTYLE (FEAT. LIL DURK) 19
86%
LYFESTYLE STFU 2
86%
LYFESTYLE FATË (BONUS) 22
83%
HORSE CD GONË HORSE CD
81%
LYFESTYLE ORCHESTRATË 7
77%
LYFESTYLE NEW HIGH (FEAT. DON TOLIVER) 17
75%
LYFESTYLE GOD TALKIN SHHH 20
74%
LYFESTYLE GO2WORK (FEAT. SUMMRS) 10
72%
LYFESTYLE LYFE PARTY 21
72%
LYFESTYLE SPEEDBALL 5
72%
LYFESTYLE THEY TELL MË 3
72%
LYFESTYLE HEARD OF MË 4
71%
LYFESTYLE FOREVER AGAIN 12
70%
LYFESTYLE GONE 4 A MIN 11
70%
LYFESTYLE LYING 5 FUN 16
70%
LYFESTYLE BË QUIET (FEAT. KODAK BLACK) 8
68%
LYFESTYLE ON 1 13
68%
LYFESTYLE FLYTROOP 14
67%
LYFESTYLE ELIMINATË 15
64%
LYFESTYLE THE COSTËS 9
64%
DRONE CD 5BRAZY DRONE CD
61%
LYFESTYLE U DONT KNOW LYFE 6
59%
DIGITAL EXCLUSIVE PROJECT LYFESTYLE DIGITAL EXCLUSIVE
57%
LYFESTYLE SO WHAT 18
55%
DUNE CD STYLE LYFE DUNE CD
52%
DRONE CD BARBARIAN DRONE CD
51%
HORSE CD GRAVEYARD HORSE CD
51%
DIGITAL DELUXE NIGHT COME DIGITAL DELUXE
51%
DIGITAL DELUXE FOR LYFE DIGITAL DELUXE
45%
DUNE CD BACK THËN DUNE CD
43%
DIGITAL DELUXE 5BRAZY (QUAVO REMIX) DIGITAL DELUXE
13%
No matching quizzes found
Score Distribution
Percent of People with Each Score
Percentile by Number Answered
Your Score History
You have not taken this quiz